[Event "I Magistral Villa de Almazán 2017"]
[Site "Almazan ESP"]
[Date "2017.07.17"]
[Round "1.1"]
[White "Perez Garcia, Alejandro"]
[Black "Marchena Hurtado, Javier"]
[Result "1/2-1/2"]
[WhiteElo "2358"]
[BlackElo "2340"]
[PlyCount "109"]
[EventDate "2017.07.17"]
[EventType "tourn"]
[EventRounds "9"]
[EventCountry "ESP"]
[EventCategory "3"]
[SourceTitle "Ajedrez en Madrid"]
[Source "lmi"]
[SourceDate "2017.07.17"]
[SourceVersion "1"]
[SourceVersionDate "2017.07.27"]
[SourceQuality "1"]

1. Nf3 d5 2. g3 Nf6 3. Bg2 c6 4. O-O Bg4 5. h3 Bh5 6. c4 e6 7. d3 Be7 8. cxd5
Bxf3 9. Bxf3 cxd5 10. a3 O-O 11. b4 Nc6 12. Bb2 b5 13. Nd2 a5 14. bxa5 Qxa5 15.
e4 Rfd8 16. Qe2 dxe4 17. Nxe4 Nd5 18. Bg2 Qa4 19. Qh5 h6 20. Rac1 Rac8 21. Nc5
Qa7 22. Nxe6 fxe6 23. Qg4 Bf6 24. Qxe6+ Kh8 25. Bxd5 Bxb2 26. Rxc6 Rxc6 27.
Qxc6 Qd7 28. Qxd7 Rxd7 29. Be4 Bxa3 30. Rb1 b4 31. Kf1 Rc7 32. Ke2 Rc1 33. Rxc1
Bxc1 34. d4 Kg8 35. Kd3 Kf7 36. Kc4 Bd2 37. Kc5 Be1 38. f3 Bxg3 39. Kxb4 Ke7
40. Kc5 Bf2 41. Kd5 Kf6 42. Bd3 Bg1 43. Ke4 Bh2 44. d5 Bd6 45. Kd4 Ke7 46. Kc4
Ba3 47. Kb5 Kd6 48. Be4 g5 49. Kc4 Ke5 50. Bg6 Kf4 51. Bh5 Ke5 52. Bg4 Bf8 53.
Be6 Kf4 54. Bg4 Ke5 55. Bh5 1/2-1/2

[Event "I Magistral Villa de Almazán 2017"]
[Site "Almazan ESP"]
[Date "2017.07.17"]
[Round "1.2"]
[White "Panelo, Marcelo"]
[Black "Laiz Ibañez, Hector"]
[Result "1-0"]
[WhiteElo "2379"]
[BlackElo "2269"]
[PlyCount "75"]
[EventDate "2017.07.17"]
[EventType "tourn"]
[EventRounds "9"]
[EventCountry "ESP"]
[EventCategory "3"]
[SourceTitle "Ajedrez en Madrid"]
[Source "lmi"]
[SourceDate "2017.07.17"]
[SourceVersion "1"]
[SourceVersionDate "2017.07.27"]
[SourceQuality "1"]

1. d4 Nf6 2. Nf3 e6 3. Bg5 d5 4. e3 c5 5. Nbd2 Nc6 6. c3 Be7 7. Bd3 Nd7 8. Bxe7
Qxe7 9. O-O O-O 10. Re1 Rd8 11. Qe2 Nf6 12. Ne5 Nxe5 13. dxe5 Nd7 14. f4 c4 15.
Bc2 b5 16. Nf3 Bb7 17. Nd4 b4 18. Rf1 g6 19. Qg4 bxc3 20. bxc3 Kh8 21. h4 Qa3
22. Rf3 Rg8 23. Qg5 Qxc3 24. Rb1 Nc5 25. h5 gxh5 26. Qh6 Rg7 27. Rg3 Rag8 28.
Kh2 Qxc2 29. Qxg7+ Rxg7 30. Nxc2 Rxg3 31. Kxg3 Ne4+ 32. Kh4 Bc6 33. Nd4 Ba4 34.
Rb7 Kg8 35. Rxa7 Bd1 36. a4 c3 37. a5 Nc5 38. Rc7 1-0

[Event "I Magistral Villa de Almazán 2017"]
[Site "Almazan ESP"]
[Date "2017.07.17"]
[Round "1.3"]
[White "Cruz, Filemon"]
[Black "Villar Reymundo, Juan Antonio"]
[Result "1/2-1/2"]
[WhiteElo "2337"]
[BlackElo "2233"]
[PlyCount "39"]
[EventDate "2017.07.17"]
[EventType "tourn"]
[EventRounds "9"]
[EventCountry "ESP"]
[EventCategory "3"]
[SourceTitle "Ajedrez en Madrid"]
[Source "lmi"]
[SourceDate "2017.07.17"]
[SourceVersion "1"]
[SourceVersionDate "2017.07.27"]
[SourceQuality "1"]

1. e4 e5 2. Nf3 Nc6 3. Bc4 Be7 4. c3 Nf6 5. d3 O-O 6. O-O d6 7. Bb3 Na5 8. Bc2
c5 9. Re1 Nc6 10. Nbd2 Re8 11. h3 Bf8 12. Nf1 h6 13. a3 Bd7 14. Ne3 g6 15. b4
Rc8 16. Bb2 b5 17. Bb3 a5 18. bxc5 dxc5 19. Nd5 Bg7 20. Nd2 1/2-1/2

[Event "I Magistral Villa de Almazán 2017"]
[Site "Almazan ESP"]
[Date "2017.07.17"]
[Round "1.4"]
[White "Garcia Albarracin, Francisco D"]
[Black "Repka, Christopher"]
[Result "0-1"]
[WhiteElo "2347"]
[BlackElo "2454"]
[PlyCount "40"]
[EventDate "2017.07.17"]
[EventType "tourn"]
[EventRounds "9"]
[EventCountry "ESP"]
[EventCategory "3"]
[SourceTitle "Ajedrez en Madrid"]
[Source "lmi"]
[SourceDate "2017.07.17"]
[SourceVersion "1"]
[SourceVersionDate "2017.07.27"]
[SourceQuality "1"]

1. d4 Nf6 2. Bf4 g6 3. e3 Bg7 4. h3 O-O 5. c3 d6 6. Nd2 e5 7. Bh2 Re8 8. dxe5
dxe5 9. Nc4 Nfd7 10. a4 Nc6 11. e4 Nc5 12. Qxd8 Rxd8 13. f3 Be6 14. Ne3 Nd3+
15. Bxd3 Rxd3 16. Nd1 Rad8 17. Ne2 Rd2 18. b4 Bc4 19. Ng3 Bh6 20. b5 Rxg2 0-1

[Event "I Magistral Villa de Almazán 2017"]
[Site "Almazan ESP"]
[Date "2017.07.17"]
[Round "1.5"]
[White "Ruperez Benito, Antonio"]
[Black "Lacruz Algarate, Alvaro"]
[Result "1-0"]
[WhiteElo "2293"]
[BlackElo "2186"]
[PlyCount "97"]
[EventDate "2017.07.17"]
[EventType "tourn"]
[EventRounds "9"]
[EventCountry "ESP"]
[EventCategory "3"]
[SourceTitle "Ajedrez en Madrid"]
[Source "lmi"]
[SourceDate "2017.07.17"]
[SourceVersion "1"]
[SourceVersionDate "2017.07.27"]
[SourceQuality "1"]

1. e4 c5 2. Nf3 e6 3. d4 cxd4 4. Nxd4 a6 5. Bd3 Qc7 6. O-O Nf6 7. Qe2 d6 8. c4
Nbd7 9. Nc3 Be7 10. f4 O-O 11. Be3 b6 12. Rac1 Bb7 13. b4 Rac8 14. h3 Rfe8 15.
Nb3 Qb8 16. a3 Qa8 17. Nd2 a5 18. g4 d5 19. cxd5 exd5 20. e5 Ne4 21. Ncxe4 dxe4
22. Bb5 Bc6 23. Ba6 Bb7 24. Bxb7 Qxb7 25. Qb5 axb4 26. axb4 Red8 27. Nb3 Rxc1
28. Rxc1 Rc8 29. Na5 Rxc1+ 30. Bxc1 Qc7 31. Nc4 Nf8 32. Be3 Qd8 33. Nd2 Qc7 34.
Nxe4 Qc2 35. Nd6 Qd1+ 36. Kg2 Bh4 37. Qc4 Ne6 38. f5 b5 39. Qa2 Qe1 40. fxe6
Qg3+ 41. Kh1 Qxh3+ 42. Qh2 Qxg4 43. exf7+ Kf8 44. Qg2 Qd1+ 45. Bg1 Bd8 46. Qe4
g6 47. Kg2 Kg7 48. f8=Q+ Kxf8 49. Qf3+ 1-0

[Event "I Magistral Villa de Almazán 2017"]
[Site "Almazan ESP"]
[Date "2017.07.17"]
[Round "2.1"]
[White "Marchena Hurtado, Javier"]
[Black "Lacruz Algarate, Alvaro"]
[Result "1/2-1/2"]
[WhiteElo "2340"]
[BlackElo "2186"]
[PlyCount "99"]
[EventDate "2017.07.17"]
[EventType "tourn"]
[EventRounds "9"]
[EventCountry "ESP"]
[EventCategory "3"]
[SourceTitle "Ajedrez en Madrid"]
[Source "lmi"]
[SourceDate "2017.07.17"]
[SourceVersion "1"]
[SourceVersionDate "2017.07.27"]
[SourceQuality "1"]

1. d4 Nf6 2. c4 e6 3. Nf3 b6 4. g3 Bb7 5. Bg2 Be7 6. O-O O-O 7. Re1 Na6 8. Ne5
Bxg2 9. Kxg2 c5 10. d5 Qc7 11. Nf3 Ne4 12. Nc3 Nxc3 13. bxc3 Bf6 14. Bd2 exd5
15. cxd5 d6 16. Rb1 c4 17. Qa4 Nb8 18. Bf4 Nd7 19. Qb4 Ne5 20. Bxe5 Bxe5 21.
Nxe5 dxe5 22. e4 Rfd8 23. a4 Rab8 24. Qb5 Rdc8 25. Rf1 Qd6 26. Qa6 Qd7 27. a5
b5 28. Rb2 h5 29. Rfb1 Rc5 30. h4 Kf8 31. f3 Kg8 32. Kh2 Kf8 33. Rf1 Kg8 34. f4
Re8 35. f5 Rb8 36. Rg1 Qb7 37. Qd6 Qc7 38. Qxc7 Rxc7 39. d6 Rd7 40. Rd1 a6 41.
Kg2 f6 42. Rd5 Rc8 43. Rbd2 Kf7 44. Kf3 Rc6 45. Ke2 g6 46. Kf3 gxf5 47. exf5
Rd8 48. Ke4 Rg8 49. Kf3 Rd8 50. Rd1 1/2-1/2

[Event "I Magistral Villa de Almazán 2017"]
[Site "Almazan ESP"]
[Date "2017.07.17"]
[Round "2.3"]
[White "Villar Reymundo, Juan Antonio"]
[Black "Garcia Albarracin, Francisco D"]
[Result "1/2-1/2"]
[WhiteElo "2233"]
[BlackElo "2347"]
[PlyCount "112"]
[EventDate "2017.07.17"]
[EventType "tourn"]
[EventRounds "9"]
[EventCountry "ESP"]
[EventCategory "3"]
[SourceTitle "Ajedrez en Madrid"]
[Source "lmi"]
[SourceDate "2017.07.17"]
[SourceVersion "1"]
[SourceVersionDate "2017.07.27"]
[SourceQuality "1"]

1. d4 d6 2. Nf3 Bg4 3. g3 Bxf3 4. exf3 c6 5. c4 g6 6. Qb3 Qc7 7. Nc3 Bg7 8. Be3
e6 9. d5 exd5 10. cxd5 Ne7 11. Bh3 O-O 12. Rc1 Nd7 13. O-O Nc5 14. Bxc5 dxc5
15. Ne4 Nxd5 16. Nxc5 Nb6 17. a4 a5 18. Rfd1 Rfd8 19. f4 Rd4 20. Rxd4 Bxd4 21.
Ne4 Re8 22. Bg2 Kg7 23. Rd1 Rd8 24. Ng5 Bf6 25. Rxd8 Bxd8 26. Qc3+ Bf6 27. Qxa5
Bxb2 28. Qb4 Bf6 29. a5 Nd5 30. Bxd5 cxd5 31. Nf3 Bc3 32. Qb5 d4 33. a6 bxa6
34. Qxa6 Qe7 35. Ne5 Qc5 36. Qd3 h5 37. h4 Ba5 38. Nc4 Bc3 39. Ne5 Ba5 40. Qc4
Qxc4 41. Nxc4 d3 42. Kf1 Bc7 43. Nb2 d2 44. Ke2 Bb6 45. Nd3 Ba5 46. Ne5 Bb6 47.
Nd3 Ba5 48. Nc5 Kf6 49. Nb3 Bb6 50. Nxd2 Ke6 51. Ne4 f5 52. Nd2 Bd4 53. Nf3 Ba7
54. Ne5 Kf6 55. f3 Bd4 56. Nc4 Bb2 1/2-1/2

[Event "I Magistral Villa de Almazán 2017"]
[Site "Almazan ESP"]
[Date "2017.07.17"]
[Round "2.4"]
[White "Laiz Ibañez, Hector"]
[Black "Cruz, Filemon"]
[Result "1/2-1/2"]
[WhiteElo "2269"]
[BlackElo "2337"]
[PlyCount "57"]
[EventDate "2017.07.17"]
[EventType "tourn"]
[EventRounds "9"]
[EventCountry "ESP"]
[EventCategory "3"]
[SourceTitle "Ajedrez en Madrid"]
[Source "lmi"]
[SourceDate "2017.07.17"]
[SourceVersion "1"]
[SourceVersionDate "2017.07.27"]
[SourceQuality "1"]

1. Nf3 Nf6 2. g3 c5 3. Bg2 g6 4. O-O Bg7 5. c4 O-O 6. d4 cxd4 7. Nxd4 Nc6 8.
Nc3 d6 9. Nc2 Bd7 10. Qd2 Qc8 11. b3 Bh3 12. Bb2 Bxg2 13. Kxg2 Ne4 14. Qe3 Qf5
15. Rac1 Ng5 16. f3 Qh3+ 17. Kh1 Ne6 18. Ba1 Nc7 19. Ne4 Bxa1 20. Rxa1 Qe6 21.
Nc3 Rac8 22. Rac1 f5 23. Rfd1 Qxe3 24. Nxe3 Kf7 25. Kg2 Rfd8 26. Ned5 Ne8 27.
Kf2 e6 28. Nf4 Ne5 29. Nd3 1/2-1/2

[Event "I Magistral Villa de Almazán 2017"]
[Site "Almazan ESP"]
[Date "2017.07.17"]
[Round "2.5"]
[White "Perez Garcia, Alejandro"]
[Black "Panelo, Marcelo"]
[Result "1/2-1/2"]
[WhiteElo "2358"]
[BlackElo "2379"]
[PlyCount "48"]
[EventDate "2017.07.17"]
[EventType "tourn"]
[EventRounds "9"]
[EventCountry "ESP"]
[EventCategory "3"]
[SourceTitle "Ajedrez en Madrid"]
[Source "lmi"]
[SourceDate "2017.07.17"]
[SourceVersion "1"]
[SourceVersionDate "2017.07.27"]
[SourceQuality "1"]

1. d4 Nf6 2. c4 e6 3. g3 Bb4+ 4. Bd2 a5 5. Bg2 d6 6. Nf3 Nbd7 7. O-O e5 8. Nc3
exd4 9. Nxd4 O-O 10. Qc2 Bc5 11. Nb3 Re8 12. Nxc5 Nxc5 13. e4 Be6 14. b3 Qc8
15. Bg5 Nfd7 16. h3 Nb8 17. g4 Nc6 18. f4 f6 19. Bh4 Bf7 20. Rad1 Nb4 21. Qb1
Nc6 22. Nd5 Ne7 23. Ne3 Qb8 24. Kh1 Qa7 1/2-1/2

[Event "I Magistral Villa de Almazán 2017"]
[Site "Almazan ESP"]
[Date "2017.07.18"]
[Round "3.1"]
[White "Panelo, Marcelo"]
[Black "Marchena Hurtado, Javier"]
[Result "1-0"]
[WhiteElo "2379"]
[BlackElo "2340"]
[PlyCount "111"]
[EventDate "2017.07.17"]
[EventType "tourn"]
[EventRounds "9"]
[EventCountry "ESP"]
[EventCategory "3"]
[SourceTitle "Ajedrez en Madrid"]
[Source "lmi"]
[SourceDate "2017.07.17"]
[SourceVersion "1"]
[SourceVersionDate "2017.07.27"]
[SourceQuality "1"]

1. d4 Nf6 2. c4 g6 3. Nc3 Bg7 4. e4 d6 5. Nf3 O-O 6. Be2 e5 7. O-O exd4 8. Nxd4
Re8 9. f3 c6 10. Kh1 Nh5 11. g4 Nf6 12. Bf4 h5 13. Nf5 gxf5 14. gxf5 d5 15.
cxd5 cxd5 16. Rg1 dxe4 17. Nxe4 Qxd1 18. Nxf6+ Kh8 19. Raxd1 Bxf6 20. Rd6 Nd7
21. Bb5 Rg8 22. Re1 a5 23. Bxd7 Ra6 24. Rxf6 Rxf6 25. Bxc8 Rxc8 26. Be5 Rcc6
27. b3 Kg8 28. Bxf6 Rxf6 29. Re5 b6 30. a4 Kg7 31. Kg2 Rd6 32. Kg3 Kf6 33. Rb5
Kg5 34. f4+ Kf6 35. h3 Rd3+ 36. Kh4 Rd4 37. Kxh5 Rxf4 38. Rxb6+ Kxf5 39. Rb5+
Ke4 40. b4 Rf3 41. h4 axb4 42. Rxb4+ Kf5 43. a5 Ra3 44. Rb5+ Kf6 45. Kh6 Ke7
46. h5 Kf8 47. Kh7 f6 48. h6 Kf7 49. Rb7+ Ke6 50. Kg8 Rxa5 51. h7 Ra8+ 52. Kg7
f5 53. h8=Q Rxh8 54. Kxh8 f4 55. Rb5 f3 56. Rb3 1-0

[Event "I Magistral Villa de Almazán 2017"]
[Site "Almazan ESP"]
[Date "2017.07.18"]
[Round "3.2"]
[White "Cruz, Filemon"]
[Black "Perez Garcia, Alejandro"]
[Result "1/2-1/2"]
[WhiteElo "2337"]
[BlackElo "2358"]
[PlyCount "30"]
[EventDate "2017.07.17"]
[EventType "tourn"]
[EventRounds "9"]
[EventCountry "ESP"]
[EventCategory "3"]
[SourceTitle "Ajedrez en Madrid"]
[Source "lmi"]
[SourceDate "2017.07.17"]
[SourceVersion "1"]
[SourceVersionDate "2017.07.27"]
[SourceQuality "1"]

1. Nf3 d5 2. c4 c6 3. d4 Nf6 4. e3 Bf5 5. Nc3 a6 6. a4 e6 7. a5 Nbd7 8. Nh4 Bg4
9. Qb3 Qc7 10. h3 Bh5 11. g4 Bg6 12. Nxg6 hxg6 13. Bg2 Be7 14. Bd2 g5 15. cxd5
exd5 1/2-1/2

[Event "I Magistral Villa de Almazán 2017"]
[Site "Almazan ESP"]
[Date "2017.07.18"]
[Round "3.3"]
[White "Garcia Albarracin, Francisco D"]
[Black "Laiz Ibañez, Hector"]
[Result "1-0"]
[WhiteElo "2347"]
[BlackElo "2269"]
[PlyCount "75"]
[EventDate "2017.07.17"]
[EventType "tourn"]
[EventRounds "9"]
[EventCountry "ESP"]
[EventCategory "3"]
[SourceTitle "Ajedrez en Madrid"]
[Source "lmi"]
[SourceDate "2017.07.17"]
[SourceVersion "1"]
[SourceVersionDate "2017.07.27"]
[SourceQuality "1"]

1. d4 Nf6 2. Bf4 g6 3. Nc3 Bg7 4. e4 d6 5. Qd2 O-O 6. Bh6 c5 7. Bxg7 Kxg7 8. d5
e6 9. dxe6 Bxe6 10. Nf3 Nc6 11. Bb5 Qb6 12. O-O Nd4 13. Be2 Nxe2+ 14. Qxe2 Rfe8
15. Rab1 Rad8 16. Rfe1 Qc6 17. Qd3 d5 18. e5 Nd7 19. Qd2 d4 20. Ne4 Bxa2 21.
Ra1 Bd5 22. Qf4 Bxe4 23. Rxe4 a6 24. Rae1 h6 25. h4 Qe6 26. g4 Nb6 27. Qg3 Nd5
28. Nd2 Kh7 29. Nc4 Re7 30. Qf3 Nc3 31. bxc3 Qxc4 32. e6 Kg7 33. g5 Rde8 34.
Qf6+ Kh7 35. exf7 Rxf7 36. Rxe8 Rxf6 37. gxf6 g5 38. h5 1-0

[Event "I Magistral Villa de Almazán 2017"]
[Site "Almazan ESP"]
[Date "2017.07.18"]
[Round "3.4"]
[White "Ruperez Benito, Antonio"]
[Black "Villar Reymundo, Juan Antonio"]
[Result "1-0"]
[WhiteElo "2293"]
[BlackElo "2233"]
[PlyCount "107"]
[EventDate "2017.07.17"]
[EventType "tourn"]
[EventRounds "9"]
[EventCountry "ESP"]
[EventCategory "3"]
[SourceTitle "Ajedrez en Madrid"]
[Source "lmi"]
[SourceDate "2017.07.17"]
[SourceVersion "1"]
[SourceVersionDate "2017.07.27"]
[SourceQuality "1"]

1. e4 c5 2. Nf3 d6 3. Bb5+ Bd7 4. Bxd7+ Qxd7 5. c4 Nf6 6. Nc3 g6 7. O-O Bg7 8.
d4 cxd4 9. Nxd4 O-O 10. f3 Rc8 11. Qe2 Nxe4 12. Qxe4 Rxc4 13. Be3 Nc6 14. Qd3
Rxd4 15. Bxd4 Nxd4 16. Rac1 d5 17. a3 e5 18. Ne2 Nf5 19. Rc5 d4 20. Ng3 Ne7 21.
Rfc1 Nc6 22. b4 a6 23. Ne4 f5 24. Qc4+ Kh8 25. Rd5 Qe7 26. Nc5 e4 27. fxe4 fxe4
28. Re1 b5 29. Qc1 e3 30. Rd7 Qe8 31. Kh1 a5 32. Qb1 axb4 33. axb4 Ne5 34. Rxd4
Nc4 35. Re4 Qc6 36. Qd3 Re8 37. h3 Rxe4 38. Nxe4 h6 39. Nc5 Kh7 40. Rf1 Qe8 41.
Ne4 Qe7 42. Nc5 Qe5 43. h4 Qd4 44. Qxd4 Bxd4 45. Nd3 Nd2 46. Rf7+ Kg8 47. Rb7
Ne4 48. g4 Kf8 49. Rxb5 Nf2+ 50. Nxf2 exf2 51. Kg2 Ke7 52. Rd5 Bb6 53. Rd2 Ke6
54. Rxf2 1-0

[Event "I Magistral Villa de Almazán 2017"]
[Site "Almazan ESP"]
[Date "2017.07.18"]
[Round "3.5"]
[White "Lacruz Algarate, Alvaro"]
[Black "Repka, Christopher"]
[Result "0-1"]
[WhiteElo "2186"]
[BlackElo "2454"]
[PlyCount "50"]
[EventDate "2017.07.17"]
[EventType "tourn"]
[EventRounds "9"]
[EventCountry "ESP"]
[EventCategory "3"]
[SourceTitle "Ajedrez en Madrid"]
[Source "lmi"]
[SourceDate "2017.07.17"]
[SourceVersion "1"]
[SourceVersionDate "2017.07.27"]
[SourceQuality "1"]

1. e4 g6 2. d4 Bg7 3. Nc3 a6 4. Be3 b5 5. Qd2 Bb7 6. f3 d6 7. O-O-O Nd7 8. h4
h6 9. g4 Ngf6 10. Nce2 c5 11. Ng3 cxd4 12. Bxd4 Qc7 13. g5 hxg5 14. hxg5 Rxh1
15. gxf6 Bh6 16. f4 Rh4 17. N1e2 Nxf6 18. Bxf6 exf6 19. Kb1 Rc8 20. c3 b4 21.
Rc1 Qe7 22. Bg2 bxc3 23. Rxc3 Rxc3 24. bxc3 Kf8 25. Qe1 f5 0-1

[Event "I Magistral Villa de Almazán 2017"]
[Site "Almazan ESP"]
[Date "2017.07.19"]
[Round "4.1"]
[White "Marchena Hurtado, Javier"]
[Black "Repka, Christopher"]
[Result "1/2-1/2"]
[WhiteElo "2340"]
[BlackElo "2454"]
[PlyCount "83"]
[EventDate "2017.07.17"]
[EventType "tourn"]
[EventRounds "9"]
[EventCountry "ESP"]
[EventCategory "3"]
[SourceTitle "Ajedrez en Madrid"]
[Source "lmi"]
[SourceDate "2017.07.17"]
[SourceVersion "1"]
[SourceVersionDate "2017.07.27"]
[SourceQuality "1"]

1. e4 g6 2. d4 Bg7 3. Nc3 a6 4. f4 d5 5. Nxd5 e6 6. Ne3 Qxd4 7. Qxd4 Bxd4 8.
Nf3 Ba7 9. Bd3 Nf6 10. e5 Nd5 11. Nxd5 exd5 12. Ke2 Nd7 13. Be3 Nc5 14. b4 Ne6
15. g3 Bd7 16. Bxa7 Rxa7 17. a4 Ra8 18. Ke3 a5 19. b5 c5 20. bxc6 bxc6 21. c4
Rb8 22. Rhb1 Ke7 23. cxd5 cxd5 24. Nd4 Rhc8 25. Rxb8 Rxb8 26. Bb5 Bxb5 27. Rb1
Kd7 28. axb5 a4 29. b6 Nxd4 30. Kxd4 Kc6 31. Rb4 a3 32. Ra4 Rxb6 33. Rxa3 Rb4+
34. Kd3 Kd7 35. Ra7+ Ke6 36. Ra6+ Ke7 37. Ke3 Rb3+ 38. Kd4 Rb2 39. h4 Rb3 40.
g4 Rb4+ 41. Ke3 Rb3+ 42. Kd4 1/2-1/2

[Event "I Magistral Villa de Almazán 2017"]
[Site "Almazan ESP"]
[Date "2017.07.19"]
[Round "4.2"]
[White "Villar Reymundo, Juan Antonio"]
[Black "Lacruz Algarate, Alvaro"]
[Result "1-0"]
[WhiteElo "2233"]
[BlackElo "2186"]
[PlyCount "63"]
[EventDate "2017.07.17"]
[EventType "tourn"]
[EventRounds "9"]
[EventCountry "ESP"]
[EventCategory "3"]
[SourceTitle "Ajedrez en Madrid"]
[Source "lmi"]
[SourceDate "2017.07.17"]
[SourceVersion "1"]
[SourceVersionDate "2017.07.27"]
[SourceQuality "1"]

1. d4 Nf6 2. c4 e6 3. Nf3 b6 4. a3 Bb7 5. Nc3 d5 6. Bg5 Be7 7. Qc2 Nbd7 8. e3
O-O 9. Bd3 dxc4 10. Bxc4 c5 11. Rd1 Rc8 12. d5 exd5 13. Nxd5 Bc6 14. Bf4 Nxd5
15. Bxd5 Qe8 16. Bxc6 Rxc6 17. Qa4 Qc8 18. Rxd7 Qxd7 19. Ne5 b5 20. Qxb5 Qf5
21. Nxc6 Qb1+ 22. Ke2 Qxh1 23. Nxe7+ Kh8 24. Bd6 Rd8 25. Nc6 Rg8 26. Ne5 h5 27.
Nxf7+ Kh7 28. Qxc5 g6 29. Ng5+ Kh6 30. Bf8+ Rxf8 31. Qxf8+ Kxg5 32. Qf4# 1-0

[Event "I Magistral Villa de Almazán 2017"]
[Site "Almazan ESP"]
[Date "2017.07.19"]
[Round "4.3"]
[White "Laiz Ibañez, Hector"]
[Black "Ruperez Benito, Antonio"]
[Result "1-0"]
[WhiteElo "2269"]
[BlackElo "2293"]
[PlyCount "117"]
[EventDate "2017.07.17"]
[EventType "tourn"]
[EventRounds "9"]
[EventCountry "ESP"]
[EventCategory "3"]
[SourceTitle "Ajedrez en Madrid"]
[Source "lmi"]
[SourceDate "2017.07.17"]
[SourceVersion "1"]
[SourceVersionDate "2017.07.27"]
[SourceQuality "1"]

1. e4 e6 2. d4 d5 3. Nd2 Nf6 4. e5 Nfd7 5. Bd3 c5 6. c3 Nc6 7. Ndf3 cxd4 8.
cxd4 Bb4+ 9. Bd2 Qa5 10. Ne2 Bxd2+ 11. Qxd2 Qxd2+ 12. Kxd2 Nb4 13. Bb1 Nb6 14.
b3 Bd7 15. a3 Nc6 16. Bd3 Rc8 17. Rhc1 Ke7 18. Rc3 f6 19. Rac1 a6 20. Ke3 Rcf8
21. h4 Be8 22. g4 Rf7 23. Bxa6 fxe5 24. Bxb7 Rhf8 25. Ng5 exd4+ 26. Nxd4 Nxd4
27. Nxf7 Nb5 28. Rc7+ Nxc7 29. Rxc7+ Bd7 30. Ne5 Kd6 31. Nxd7 Nxd7 32. Rc6+ Ke7
33. Rc8 d4+ 34. Kxd4 Rxf2 35. a4 Rf4+ 36. Kc3 Rxg4 37. a5 Rg1 38. a6 Ra1 39.
Kb4 h6 40. Kb5 Ra3 41. b4 g5 42. hxg5 hxg5 43. Rg8 Kf6 44. Bc8 Ne5 45. Re8 Nd3
46. Rxe6+ Kf7 47. Re4 Nf4 48. Kc6 Ng6 49. Kb7 Ne7 50. Be6+ Kf6 51. a7 Nc6 52.
a8=Q Rxa8 53. Kxa8 Nxb4 54. Bg4 Nd3 55. Re6+ Kf7 56. Re3 Nf4 57. Kb7 Kf6 58.
Kc6 Ng6 59. Kd6 1-0

[Event "I Magistral Villa de Almazán 2017"]
[Site "Almazan ESP"]
[Date "2017.07.19"]
[Round "4.4"]
[White "Perez Garcia, Alejandro"]
[Black "Garcia Albarracin, Francisco D"]
[Result "1-0"]
[WhiteElo "2358"]
[BlackElo "2347"]
[PlyCount "39"]
[EventDate "2017.07.17"]
[EventType "tourn"]
[EventRounds "9"]
[EventCountry "ESP"]
[EventCategory "3"]
[SourceTitle "Ajedrez en Madrid"]
[Source "lmi"]
[SourceDate "2017.07.17"]
[SourceVersion "1"]
[SourceVersionDate "2017.07.27"]
[SourceQuality "1"]

1. d4 d6 2. Nf3 Bg4 3. c4 Bxf3 4. exf3 c6 5. Nc3 g6 6. Be3 Bg7 7. Qb3 Qc7 8.
Be2 Nf6 9. g4 h5 10. O-O-O a6 11. Kb1 e6 12. g5 Nh7 13. Ne4 O-O 14. Bf4 e5 15.
dxe5 dxe5 16. Be3 b5 17. Nd6 Rd8 18. c5 Bf8 19. Bd3 Bxd6 20. Bxg6 1-0

[Event "I Magistral Villa de Almazán 2017"]
[Site "Almazan ESP"]
[Date "2017.07.19"]
[Round "4.5"]
[White "Panelo, Marcelo"]
[Black "Cruz, Filemon"]
[Result "1/2-1/2"]
[WhiteElo "2379"]
[BlackElo "2337"]
[PlyCount "32"]
[EventDate "2017.07.17"]
[EventType "tourn"]
[EventRounds "9"]
[EventCountry "ESP"]
[EventCategory "3"]
[SourceTitle "Ajedrez en Madrid"]
[Source "lmi"]
[SourceDate "2017.07.17"]
[SourceVersion "1"]
[SourceVersionDate "2017.07.27"]
[SourceQuality "1"]

1. d4 d5 2. c4 c6 3. cxd5 cxd5 4. Nc3 Nc6 5. Nf3 Nf6 6. Bf4 a6 7. e3 Bf5 8. Bd3
Bxd3 9. Qxd3 e6 10. O-O Bd6 11. Bxd6 Qxd6 12. Rfc1 O-O 13. Na4 Rac8 14. Nc5 Rc7
15. a3 Rfc8 16. Rc3 Nd7 1/2-1/2

[Event "I Magistral Villa de Almazán 2017"]
[Site "Almazan ESP"]
[Date "2017.07.19"]
[Round "5.1"]
[White "Cruz, Filemon"]
[Black "Marchena Hurtado, Javier"]
[Result "1/2-1/2"]
[WhiteElo "2337"]
[BlackElo "2340"]
[PlyCount "78"]
[EventDate "2017.07.17"]
[EventType "tourn"]
[EventRounds "9"]
[EventCountry "ESP"]
[EventCategory "3"]
[SourceTitle "Ajedrez en Madrid"]
[Source "lmi"]
[SourceDate "2017.07.17"]
[SourceVersion "1"]
[SourceVersionDate "2017.07.27"]
[SourceQuality "1"]

1. Nf3 Nf6 2. c4 g6 3. Nc3 Bg7 4. g3 O-O 5. Bg2 d6 6. d4 Nbd7 7. O-O e5 8. Qc2
Re8 9. Rd1 exd4 10. Nxd4 Nc5 11. e4 Qe7 12. Bg5 c6 13. f3 h6 14. Bf4 Nfd7 15.
Nb3 Ne5 16. Nxc5 dxc5 17. b3 g5 18. Bd2 g4 19. f4 Nf3+ 20. Bxf3 gxf3 21. Kf2
Bg4 22. e5 f6 23. Qg6 h5 24. h3 Bxh3 25. Qxh5 Qd7 26. Ne4 Qd4+ 27. Kxf3 fxe5
28. Bc3 Bg2+ 29. Kxg2 Qxe4+ 30. Kf1 Rad8 31. Rd7 Rxd7 32. Qxe8+ Kh7 33. Qxd7
Qf3+ 34. Kg1 Qxg3+ 35. Kh1 Qf3+ 36. Kh2 Qf2+ 37. Kh3 Qf3+ 38. Kh4 Qf2+ 39. Kh3
Qf3+ 1/2-1/2

[Event "I Magistral Villa de Almazán 2017"]
[Site "Almazan ESP"]
[Date "2017.07.19"]
[Round "5.2"]
[White "Garcia Albarracin, Francisco D"]
[Black "Panelo, Marcelo"]
[Result "1/2-1/2"]
[WhiteElo "2347"]
[BlackElo "2379"]
[PlyCount "61"]
[EventDate "2017.07.17"]
[EventType "tourn"]
[EventRounds "9"]
[EventCountry "ESP"]
[EventCategory "3"]
[SourceTitle "Ajedrez en Madrid"]
[Source "lmi"]
[SourceDate "2017.07.17"]
[SourceVersion "1"]
[SourceVersionDate "2017.07.27"]
[SourceQuality "1"]

1. d4 Nf6 2. Nf3 c5 3. c3 cxd4 4. cxd4 d5 5. Nc3 Nc6 6. Bf4 a6 7. e3 Bf5 8. Bd3
Bxd3 9. Qxd3 e6 10. O-O Bd6 11. Rac1 O-O 12. Na4 Bxf4 13. exf4 Ne4 14. Nc5 Nxc5
15. Rxc5 Qf6 16. Ne5 Qxf4 17. Nxc6 bxc6 18. Rxc6 a5 19. Qc3 g6 20. g3 Qf6 21.
Re1 a4 22. h4 h5 23. Kg2 Rab8 24. Re5 Rb5 25. b4 axb3 26. axb3 Kg7 27. Rc5 Rb6
28. Rc6 Rb5 29. Rc5 Rb6 30. Rc6 Rb5 31. Rc5 1/2-1/2